000 01007nam a2200253 i 4500
001 188706
003 SpMaBN
005 20250806060102.0
008 190205s2016 sp ao |||| | spa d
020 _a978-84-943169-6-8
080 _a77.047(083.824)
245 0 0 _aArte y naturaleza hoy
_b: Museu Universitat d'Alacant, Alicante, del 19 de mayo al 12 de junio de 2016 /
_c[autores, Javier Gómez de Segura ... et al.].
260 _aAlicante :
_bUniversidad de Alicante,
_c[2016]
300 _a168 p. :
_bil. col., fot. ;
_c23 x 17 cm.
504 _aReferencias bibliográficas.
504 _aBibliografía: p. 168.
650 4 _aFotografía de la naturaleza-
_vExposiciones.
_9166147
655 7 _2tgfbne
_9193628
_aCatálogos de exposiciones
700 1 _aGómez de Segura, Javier.
_9166148
710 2 _aUniversidad de Alicante.
_bMuseo
_9166149
852 _aES-MaACL
_jA-14320
_9195839
_bR.151546
_cDEPO1
_dOlim: N-7320
_hDonación: autores
942 _2udc
_cMONOGRAFIA
999 _c188706
_d188706